| 000 | 01126cab a2200229 4500 | ||
|---|---|---|---|
| 001 | ABS53732 | ||
| 008 | 090401t1995 xxu||||| |||| 00| 0 eng d | ||
| 035 | _a(Sirsi) u6276 | ||
| 041 | _aeng | ||
| 245 | _aHaley v British Coal Corporation | ||
| 260 | _c1995 | ||
| 350 | _a0 | ||
| 490 |
_aRating & Valuation Reporter _v(1995) 35 RVR 186-187(2) |
||
| 520 | _aLT 26 May 1995. The claimant(H) had received a contribution to repair costs from the defendant(B) following damage to his property from mining subsidence. H claimed that this did not include costs for employing expert advice on repairs; B maintained that the sum originally offered and accepted was in full and final settlement of all costs. Claim dismissed as claimant had not raised issue of extra costs for professional fees when accepting the original offer that was clearly intended to be a full and final settlement. | ||
| 650 | _aCOAL MINING SUBSIDENCE ACT 1991 | ||
| 650 | _aCOMPENSATION | ||
| 650 | _aMINING SUBSIDENCE | ||
| 650 | _aPROFESSIONAL FEES | ||
| 690 | _aCOMPULSORY PURCHASE AND COMPENSATION-CASE LAW | ||
| 942 | _n0 | ||
| 948 | _c04/03/1997 | ||
| 999 |
_c3776 _d3776 |
||